[Event "Open Est 2015-2016"]
[Site "Aubagne"]
[Date "2015.11.21"]
[Round "4.16"]
[White "Periale, Albert"]
[Black "Benezra, Ruthy"]
[Result "1-0"]
[WhiteElo "1249"]
[BlackElo "1363"]
[PlyCount "87"]
[EventDate "2015.10.10"]
[WhiteTeam "Cercle d'Echecs Aubagnais"]
[BlackTeam "L'Echiquier du Roy René"]

1. d4 Nf6 2. Nf3 g6 3. c4 c5 4. Nc3 cxd4 5. Qxd4 Nc6 6. Qd1 Bg7 7. e3 Qa5 8.
Bd2 Qb6 9. Rb1 d6 10. Be2 Bf5 11. Na4 Qc7 12. Rc1 O-O 13. O-O d5 14. b3 dxc4
15. Bxc4 a6 16. Be2 Rfd8 17. Nd4 Bd7 18. Bf3 e5 19. Nxc6 Bxc6 20. Bxc6 bxc6 21.
Qe1 Ne4 22. Ba5 Qd6 23. Bxd8 Rxd8 24. Qe2 Qc7 25. Qc2 f5 26. Qxc6 Qxc6 27. Rxc6
Rd2 28. f3 Nf6 29. Rfc1 Rxa2 30. Rxa6 Re2 31. Rc8+ Bf8 32. Rxf6 Rxe3 33. Rcxf8+
Kg7 34. R6f7+ Kh6 35. Rh8 Rxb3 36. Rhxh7+ Kg5 37. h4+ Kf4 38. Nc5 Rb5 39. Ne6+
Kg3 40. Kf1 Rb1+ 41. Ke2 Rb2+ 42. Kd3 Rxg2 43. Rfg7 Kxf3 44. Ng5+ 1-0

[Event "Open Est 2015-2016"]
[Site "Aubagne"]
[Date "2015.11.21"]
[Round "4.17"]
[White "Benezra, Silke"]
[Black "Benvenuto, Richard"]
[Result "1-0"]
[WhiteElo "1361"]
[BlackElo "1254"]
[PlyCount "77"]
[EventDate "2015.10.10"]
[WhiteTeam "L'Echiquier du Roy René"]
[BlackTeam "La Ciotat Echecs (LCE)"]

1. d4 b6 2. e4 Bb7 3. Bd3 e6 4. Nc3 c5 5. d5 exd5 6. Nxd5 Bxd5 7. exd5 Qe7+ 8.
Be3 d6 9. Nf3 Nd7 10. O-O Kd8 11. Re1 f6 12. Bf4 Qf7 13. Bf5 g6 14. Be6 Qg7 15.
a4 Ne5 16. Qe2 Qe7 17. a5 Nxf3+ 18. Qxf3 b5 19. Bxg8 Qg7 20. Be6 g5 21. Bg3 h5
22. h3 Be7 23. Qd3 a6 24. b4 c4 25. Qd4 Bf8 26. Qb6+ Qc7 27. Qe3 Rb8 28. Bf5
Be7 29. f3 Rb7 30. Kh1 Ke8 31. Qg1 Rh6 32. Bf2 Kf7 33. Bb6 Qb8 34. Re4 Qh8 35.
Rae1 g4 36. fxg4 hxg4 37. Be6+ Ke8 38. Rxg4 Rxh3+ 39. gxh3 1-0

[Event "Open Est 2015-2016"]
[Site "Aubagne"]
[Date "2015.11.21"]
[Round "4.19"]
[White "De Carvalho Massabo, Raphael"]
[Black "Auroux, William"]
[Result "0-1"]
[WhiteElo "1340"]
[BlackElo "1099"]
[PlyCount "110"]
[EventDate "2015.10.10"]
[WhiteTeam "Marseille Passion Echecs"]
[BlackTeam "Club Provence Echecs"]

1. e4 e5 2. Nf3 Nf6 3. Nxe5 d6 4. Nf3 Nxe4 5. Bc4 d5 6. Bb3 Be6 7. d3 Nf6 8.
O-O Bd6 9. Re1 O-O 10. Nc3 Nbd7 11. Bg5 c6 12. h3 h6 13. Bh4 Qc7 14. Ne2 Rfe8
15. Bg3 Bxg3 16. Nxg3 Re7 17. Re2 Rae8 18. Qd2 Nc5 19. Nd4 Nxb3 20. Nxb3 Rd8
21. Rae1 Rde8 22. Re3 Bc8 23. Rxe7 Rxe7 24. Rxe7 Qxe7 25. Qa5 a6 26. a3 Kf8 27.
Nd4 g6 28. Qd2 Kg7 29. h4 c5 30. Nb3 Bd7 31. Qe3 Qxe3 32. fxe3 b6 33. d4 cxd4
34. Nxd4 Ng4 35. Nf1 Kf6 36. c3 Ke5 37. g3 Ke4 38. Nc2 Bb5 39. Kg2 Bxf1+ 40.
Kxf1 Nxe3+ 41. Nxe3 Kxe3 42. Ke1 g5 43. hxg5 hxg5 44. g4 Kf4 45. Kf2 Kxg4 46.
Kg2 f5 47. b4 f4 48. a4 f3+ 49. Kf2 Kf4 50. a5 bxa5 51. bxa5 g4 52. Kf1 Kg3 53.
Kg1 f2+ 54. Kf1 Kf3 55. c4 g3 0-1

[Event "Open Est 2015-2016"]
[Site "Aubagne"]
[Date "2015.11.21"]
[Round "4.20"]
[White "Shah, Darshan"]
[Black "Brongers, Claudine"]
[Result "1-0"]
[WhiteElo "1399"]
[BlackElo "1282"]
[PlyCount "89"]
[EventDate "2015.10.10"]
[WhiteTeam "L'Echiquier du Roy René"]
[BlackTeam "Sanary Echecs"]

1. e4 e5 2. Nf3 Nc6 3. d4 exd4 4. Nxd4 Bb4+ 5. Nc3 d6 6. Nxc6 bxc6 7. Bd2 d5 8.
exd5 Qe7+ 9. Qe2 Qxe2+ 10. Bxe2 Ne7 11. dxc6 O-O 12. Bf3 Rd8 13. O-O-O Ba6 14.
Rhe1 Nf5 15. Nd5 Bd6 16. g4 Nd4 17. Bg2 Ne2+ 18. Kb1 Re8 19. a3 Re6 20. f4 Rae8
21. f5 Nc3+ 22. Bxc3 Rxe1 23. Rxe1 Rxe1+ 24. Bxe1 Bxh2 25. b4 Bb5 26. Ne7+ Kf8
27. Nc8 a6 28. Kb2 Ba4 29. c4 Be5+ 30. Bc3 Bf4 31. Bd4 f6 32. Kc3 Ke8 33. Na7
h6 34. b5 axb5 35. cxb5 Kd8 36. Kb4 Bd1 37. Bh3 Bd6+ 38. Bc5 Bxc5+ 39. Kxc5 Bf3
40. a4 h5 41. gxh5 Bxh5 42. a5 Bf3 43. b6 cxb6+ 44. axb6 Bh1 45. c7+ 1-0

[Event "Open Est 2015-2016"]
[Site "Aubagne"]
[Date "2015.11.21"]
[Round "4.23"]
[White "Yahia Amar, Pierre"]
[Black "Moerenhout, Jean Claude"]
[Result "0-1"]
[WhiteElo "1040"]
[BlackElo "1300"]
[PlyCount "66"]
[EventDate "2015.10.10"]
[WhiteTeam "L'Echiquier du Roy René"]
[BlackTeam "Cercle d'Echecs Aubagnais"]

1. e4 e5 2. Nf3 Nc6 3. Nc3 Bc5 4. Bc4 Nf6 5. d3 O-O 6. Bg5 Na5 7. O-O Nxc4 8.
dxc4 d6 9. Nd5 Be6 10. Nxf6+ gxf6 11. Bh6 Re8 12. Nh4 f5 13. exf5 Qxh4 14. Qc1
Bxf5 15. Qg5+ Qxg5 16. Bxg5 Re6 17. Rfd1 Bxc2 18. Rdc1 Bf5 19. Rc3 Rg6 20. Be7
Re8 21. Bh4 b6 22. Ra3 Bxa3 23. bxa3 Bh3 24. Rc1 Rxg2+ 25. Kh1 Rxf2 26. Bxf2
Kh8 27. Rg1 Rg8 28. Re1 Rg2 29. Bh4 h5 30. Rf1 Rxa2 31. Rxf7 Ra1+ 32. Be1 Rxe1+
33. Rf1 Rxf1# 0-1

[Event "Open Est 2015-2016"]
[Site "Aubagne"]
[Date "2015.11.21"]
[Round "4.24"]
[White "Pentcheff, Julie"]
[Black "Favarel-Lubeigt, Helina"]
[Result "0-1"]
[WhiteElo "1010"]
[BlackElo "1280"]
[PlyCount "38"]
[EventDate "2015.10.10"]
[WhiteTeam "Cassis Echecs"]
[BlackTeam "L'Echiquier du Roy René"]

1. e4 e6 2. d3 d5 3. Nf3 c5 4. Bg5 Qb6 5. c3 Qxb2 6. Qa4+ Bd7 7. Qa5 Nc6 8. d4
Nxa5 9. Na3 Qxa1+ 10. Ke2 Qb2+ 11. Kd3 Qxa3 12. exd5 c4+ 13. Ke4 f5+ 14. Kf4
Qxc3 15. Ne5 Qxd4+ 16. Kg3 Qxe5+ 17. Kf3 Qe4+ 18. Kg3 Bd6+ 19. Kh3 Qg4# 0-1

[Event "Open Est 2015-2016"]
[Site "Aubagne"]
[Date "2015.11.21"]
[Round "4.25"]
[White "Masson, Wally"]
[Black "Richert, Sebastien"]
[Result "1/2-1/2"]
[WhiteElo "1194"]
[BlackElo "1442"]
[PlyCount "55"]
[EventDate "2015.10.10"]
[WhiteTeam "Cercle d'Echecs Aubagnais"]
[BlackTeam "Cercle d'Echecs Aubagnais"]

1. f4 d5 2. Nf3 Nf6 3. e3 Nc6 4. Bb5 a6 5. Bxc6+ bxc6 6. O-O c5 7. d4 Bg4 8.
dxc5 e6 9. c3 Bxc5 10. Qa4+ Qd7 11. Qxd7+ Nxd7 12. b4 Bb6 13. a4 a5 14. Bd2
axb4 15. cxb4 O-O 16. a5 Ba7 17. Nc3 c5 18. b5 Bxf3 19. gxf3 d4 20. Ne4 Bb8 21.
exd4 cxd4 22. Kh1 e5 23. b6 exf4 24. b7 Ra6 25. Rg1 Ne5 26. Nc5 Rc6 27. Bb4 Bd6
28. a6 1/2-1/2

[Event "Open Est 2015-2016"]
[Site "Aubagne"]
[Date "2015.11.21"]
[Round "4.26"]
[White "Yahia Amar, Mathieu"]
[Black "Benner, Jean-Marc"]
[Result "1/2-1/2"]
[WhiteElo "1150"]
[BlackElo "1430"]
[PlyCount "109"]
[EventDate "2015.10.10"]
[WhiteTeam "L'Echiquier du Roy René"]
[BlackTeam "Echiquier Dracénois"]

1. d4 d5 2. c4 e6 3. Nf3 Nc6 4. Bf4 Nf6 5. e3 Bd6 6. Bxd6 Qxd6 7. c5 Qe7 8. Bb5
Bd7 9. Bxc6 Bxc6 10. Ne5 Nd7 11. Nxc6 bxc6 12. Qa4 Nb8 13. Qb4 e5 14. O-O exd4
15. exd4 O-O 16. Qb7 Nd7 17. Qxc7 Qe6 18. Nc3 Rfc8 19. Qb7 Rcb8 20. Qc7 Nf6 21.
Rfe1 Qc8 22. Qxc8+ Rxc8 23. g3 a5 24. Na4 Rcb8 25. b3 Ne4 26. Nb6 Ra7 27. Kg2
Nc3 28. Kf3 a4 29. Nxa4 Nxa4 30. bxa4 Rxa4 31. Rab1 Raa8 32. h4 g6 33. a4 Rxb1
34. Rxb1 Rxa4 35. Rb8+ Kg7 36. Rc8 Rxd4 37. Rxc6 Rc4 38. Ke3 Kf8 39. f4 Ke8 40.
Kf3 Kd7 41. Rd6+ Kc7 42. Rxd5 Kc6 43. Re5 Rxc5 44. Rxc5+ Kxc5 45. Ke4 f6 46. g4
Kd6 47. Kd4 h6 48. Ke4 Ke6 49. f5+ gxf5+ 50. gxf5+ Kf7 51. h5 Ke7 52. Kd5 Kd7
53. Kc5 Kc7 54. Kd5 Kd7 55. Kc5 1/2-1/2

[Event "Open Est 2015-2016"]
[Site "Aubagne"]
[Date "2015.11.21"]
[Round "4.27"]
[White "Autouard, Jean-Luc"]
[Black "Evanno, Georges"]
[Result "1-0"]
[WhiteElo "1412"]
[BlackElo "1200"]
[PlyCount "107"]
[EventDate "2015.10.10"]
[WhiteTeam "Cercle d'Echecs Aubagnais"]
[BlackTeam "Cercle d'Echecs Aubagnais"]

1. e4 e6 2. Nf3 d6 3. Nc3 a6 4. d4 Be7 5. Bc4 c6 6. O-O Nd7 7. d5 Nb6 8. Bb3
exd5 9. exd5 Bd7 10. Re1 Nf6 11. Bg5 O-O 12. Qd3 c5 13. Ne4 Bb5 14. c4 Bd7 15.
Re2 Bf5 16. Nxf6+ Bxf6 17. Qxf5 Nd7 18. Rae1 Bxg5 19. Nxg5 Nf6 20. h4 Qd7 21.
Qd3 Qg4 22. g3 Qh5 23. Bd1 Qh6 24. a3 Rae8 25. Ba4 Rxe2 26. Qxe2 Qg6 27. Bc2
Qh6 28. Qe7 Qh5 29. Qxd6 Qg4 30. Qxc5 h6 31. Bh7+ Nxh7 32. Nxh7 Rc8 33. Qe7
Kxh7 34. c5 Qf5 35. Qe4 Qxe4 36. Rxe4 Rxc5 37. d6 Rd5 38. Re7 Rxd6 39. Rxb7
Rd1+ 40. Kg2 f6 41. a4 Rd6 42. b4 f5 43. a5 Rf6 44. Rb6 Rf7 45. Rxa6 f4 46. f3
fxg3 47. Kxg3 Rf5 48. Rb6 Rd5 49. a6 Rd1 50. b5 Rg1+ 51. Kf2 Rh1 52. a7 Rh2+
53. Kg3 Ra2 54. Ra6 1-0

[Event "Open Est 2015-2016"]
[Site "Aubagne"]
[Date "2015.11.21"]
[Round "4.28"]
[White "Lognos, Lina"]
[Black "Roche, Alain"]
[Result "0-1"]
[WhiteElo "1081"]
[BlackElo "1390"]
[PlyCount "44"]
[EventDate "2015.10.10"]
[WhiteTeam "Cercle d'Echecs Aubagnais"]
[BlackTeam "Echiquier Marseillais 1872"]

1. c4 c5 2. Nc3 Nf6 3. Nf3 g6 4. g3 d6 5. Bg2 Nc6 6. a3 Bg7 7. d3 O-O 8. O-O
Rb8 9. Bd2 Bg4 10. Na2 Bxf3 11. Bxf3 Ne8 12. b4 Bxa1 13. Qxa1 Nf6 14. e3 Ne5
15. Be2 b6 16. b5 Qd7 17. h3 Qxh3 18. f3 Qxg3+ 19. Kh1 Nh5 20. Re1 Qh3+ 21. Kg1
Nxf3+ 22. Kf2 Qh2+ 0-1

[Event "Open Est 2015-2016"]
[Site "Aubagne"]
[Date "2015.11.21"]
[Round "4.29"]
[White "Timoner, Genevieve"]
[Black "Ulloa, Philippe"]
[Result "0-1"]
[WhiteElo "1050"]
[BlackElo "1325"]
[PlyCount "108"]
[EventDate "2015.10.10"]
[WhiteTeam "Club d'Echecs Pennois (CEP)"]
[BlackTeam "Le Gambit Marseillais"]

1. c4 a6 2. Nc3 c6 3. d3 h6 4. Nf3 Nf6 5. g3 e6 6. Bg2 b5 7. cxb5 axb5 8. a3
Qa5 9. Bd2 Qb6 10. O-O d5 11. h3 Bd6 12. b4 O-O 13. Qb3 Re8 14. e3 e5 15. d4 e4
16. Ne1 Nh7 17. a4 Ng5 18. Kh2 h5 19. a5 Qc7 20. h4 Nh7 21. Rc1 Qd7 22. Ne2 Nf8
23. f3 Ng6 24. fxe4 dxe4 25. Qc2 Nxh4 26. Ng1 Nxg2 27. Kxg2 h4 28. gxh4 Qg4+
29. Kf2 Bg3+ 30. Kg2 Qxh4 31. Ngf3 Qh3+ 32. Kg1 exf3 33. Nxf3 Bg4 34. Be1 Rxe3
35. Bxg3 Qxg3+ 36. Qg2 Qf4 37. Rcd1 Bxf3 38. Rc1 Ra7 39. Rc5 Qxd4 40. Rxf3 Re1+
41. Kh2 Rae7 42. Rh5 R7e2 43. Kg3 Rxg2+ 44. Kxg2 Qg1+ 45. Kh3 Qh1+ 46. Kg4 Rg1+
47. Rg3 Rxg3+ 48. Kxg3 Qxh5 49. Kf4 Na6 50. Ke4 Nxb4 51. Kd4 Qd5+ 52. Kc3 Qc4+
53. Kb2 Qc2+ 54. Ka3 Qc3# 0-1

[Event "Open Est 2015-2016"]
[Site "Aubagne"]
[Date "2015.11.21"]
[Round "4.30"]
[White "Gianfranceschi, Gerard"]
[Black "Turpin, Isabelle"]
[Result "0-1"]
[WhiteElo "1040"]
[BlackElo "1263"]
[PlyCount "62"]
[EventDate "2015.10.10"]
[WhiteTeam "Cercle d'Echecs Aubagnais"]
[BlackTeam "Cercle d'Echecs Aubagnais"]

1. d4 Nf6 2. c4 e6 3. Nc3 c6 4. e4 b6 5. Nf3 Be7 6. Be2 Bb7 7. O-O Qc7 8. e5
Ng8 9. d5 d6 10. Bf4 Nd7 11. Ne4 dxe5 12. d6 Qb8 13. Bxe5 Bf6 14. Bxf6 gxf6 15.
Qd4 e5 16. Qd3 c5 17. Nxf6+ Ngxf6 18. Qf5 Qxd6 19. Rfd1 Qe7 20. Rd3 e4 21. Re3
O-O-O 22. Nd2 Rdg8 23. Nxe4 Nxe4 24. Rd1 Rg5 25. Rxe4 Bxe4 26. Rxd7 Rxg2+ 27.
Kf1 Qxd7 28. Qxe4 Rhg8 29. Qa8+ Kc7 30. f3 Rg1+ 31. Kf2 Qd4# 0-1

[Event "Open Est 2015-2016"]
[Site "Aubagne"]
[Date "2015.11.21"]
[Round "4.32"]
[White "Denis, Karine"]
[Black "Garbe, Georges"]
[Result "1-0"]
[WhiteElo "1220"]
[BlackElo "1190"]
[PlyCount "122"]
[EventDate "2015.10.10"]
[WhiteTeam "Marseille Passion Echecs"]
[BlackTeam "Cercle d'Echecs Aubagnais"]

1. e4 c5 2. d4 d6 3. Bc4 Nc6 4. c3 Nf6 5. d5 Ne5 6. Qe2 g6 7. Bg5 a6 8. Bxf6
exf6 9. Nf3 Bg7 10. O-O O-O 11. Nbd2 Qb6 12. Bb3 Bd7 13. Nc4 Qc7 14. h3 b5 15.
Ne3 Qc8 16. g4 h5 17. Nh2 h4 18. f4 Nc4 19. Nxc4 bxc4 20. Bxc4 Qb8 21. f5 g5
22. Bxa6 Qb6 23. Bd3 Rab8 24. Rfb1 Bb5 25. c4 Ba6 26. b3 Qb4 27. a3 Qc3 28. Qc2
Qd4+ 29. Kf1 Qe3 30. Kg2 Qg3+ 31. Kh1 Qxh3 32. Bf1 Qe3 33. b4 Rfe8 34. Bd3 h3
35. Bf1 Rxe4 36. Bxh3 Bxc4 37. bxc5 dxc5 38. d6 Rd8 39. Rd1 Qe2 40. Qxe2 Bxe2
41. Rd5 Rc4 42. a4 Bf8 43. d7 Be7 44. Bf1 Bxf1 45. Nxf1 Rd4 46. Ne3 Rxd7 47.
Rxd7 Rxd7 48. a5 Ra7 49. Nd5 Bd6 50. Nxf6+ Kh8 51. Ne4 Be7 52. f6 Bd8 53. Kg2
Ra6 54. Rh1+ Kg8 55. Rd1 Bxa5 56. Nxg5 Rxf6 57. Rd7 Kg7 58. Ne4 Re6 59. Kf3 c4
60. Nd6 Kg6 61. Nxf7 c3 1-0

[Event "Open Est 2015-2016"]
[Site "Aubagne"]
[Date "2015.11.21"]
[Round "4.33"]
[White "Shah, Marmik"]
[Black "Catanese, Sauveur"]
[Result "1-0"]
[WhiteElo "1218"]
[BlackElo "1140"]
[PlyCount "70"]
[EventDate "2015.10.10"]
[WhiteTeam "L'Echiquier du Roy René"]
[BlackTeam "Cercle d'Echecs Aubagnais"]

1. e4 c5 2. Nf3 d6 3. d4 cxd4 4. Nxd4 Nf6 5. Nc3 g6 6. Be3 Bg7 7. f3 O-O 8. Qd2
Re8 9. O-O-O Nc6 10. h4 h5 11. g4 Nxd4 12. Bxd4 hxg4 13. fxg4 Bxg4 14. Be2 e5
15. Be3 Qc8 16. Bxg4 Nxg4 17. Rdg1 Nxe3 18. Qxe3 Kh7 19. Qg3 Rh8 20. h5 Bh6+
21. Kb1 g5 22. Rf1 Qe6 23. Qf3 Rhf8 24. Qf5+ Qxf5 25. Rxf5 f6 26. Nd5 Kg7 27.
Nc7 Rh8 28. Nxa8 Rxa8 29. Rh3 Rd8 30. Rc3 d5 31. Rc7+ Kg8 32. exd5 Rf8 33. d6
Rf7 34. d7 Rxd7 35. Rxd7 Bf8 1-0

[Event "Open Est 2015-2016"]
[Site "Aubagne"]
[Date "2015.11.21"]
[Round "4.35"]
[White "Pentcheff, Laura"]
[Black "Hristov, Ina"]
[Result "1-0"]
[WhiteElo "1210"]
[BlackElo "1130"]
[PlyCount "117"]
[EventDate "2015.10.10"]
[WhiteTeam "Cassis Echecs"]
[BlackTeam "Marseille Passion Echecs"]

1. Nf3 Nc6 2. g3 e6 3. Bg2 d5 4. O-O Nf6 5. d3 b5 6. Bf4 Be7 7. Nbd2 O-O 8. c4
bxc4 9. dxc4 Rb8 10. cxd5 exd5 11. b3 Bg4 12. a4 a5 13. Rc1 Rb6 14. Re1 Re8 15.
Rc3 Nb4 16. Bxc7 Qc8 17. Qa1 Rc6 18. Rxc6 Nxc6 19. Bf4 Nh5 20. Be3 Qf5 21. Qc3
Nb4 22. Qe5 Qd7 23. Qd4 Bf6 24. Qc5 Ra8 25. Rc1 Be7 26. Qd4 Qd6 27. Qxg4 g6 28.
Rc8+ Rxc8 29. Qxc8+ Bd8 30. Bc5 Qc7 31. Qxc7 Bxc7 32. Ng5 Nc6 33. Bxd5 Ne5 34.
f4 h6 35. Nge4 Nd7 36. Bd4 Kf8 37. Nc4 f5 38. Ned2 g5 39. fxg5 hxg5 40. Bc3 f4
41. gxf4 Bxf4 42. Ne4 g4 43. Bxa5 Ndf6 44. Nxf6 Nxf6 45. Bg2 Nh5 46. Bb4+ Kf7
47. a5 g3 48. hxg3 Nxg3 49. a6 Nxe2+ 50. Kf2 Bb8 51. Bd6 Ba7+ 52. Kxe2 Ke6 53.
b4 Kd7 54. b5 Kc8 55. b6 Bxb6 56. Nxb6+ Kd8 57. a7 Ke8 58. Bd5 Kd8 59. a8=Q#
1-0

[Event "Open Est 2015-2016"]
[Site "Aubagne"]
[Date "2015.11.21"]
[Round "4.36"]
[White "Belaid, Noa"]
[Black "Mauger, Renaud"]
[Result "1-0"]
[WhiteElo "1090"]
[BlackElo "1399"]
[PlyCount "32"]
[EventDate "2015.10.10"]
[WhiteTeam "Club Provence Echecs"]
[BlackTeam "Cercle d'Echecs Aubagnais"]

1. e4 e5 2. Nf3 Nc6 3. Bc4 Nh6 4. d4 d6 5. d5 Nd4 6. Nxd4 exd4 7. Qxd4 Be7 8.
Bxh6 Bf6 9. Qe3 gxh6 10. Nc3 Bg4 11. f3 Bh5 12. Bb5+ c6 13. dxc6 O-O 14. cxb7
Qb6 15. Qxh6 Bg7 16. Qxh5 Qxb7 1-0

[Event "Open Est 2015-2016"]
[Site "Aubagne"]
[Date "2015.11.21"]
[Round "4.37"]
[White "Yahia-Amar, Hocine"]
[Black "Herbulot, Thomas"]
[Result "0-1"]
[WhiteElo "1120"]
[BlackElo "1120"]
[PlyCount "77"]
[EventDate "2015.10.10"]
[WhiteTeam "L'Echiquier du Roy René"]
[BlackTeam "Club Provence Echecs"]

1. e4 e5 2. Nf3 Nf6 3. Nc3 Nc6 4. Bb5 Bc5 5. Bxc6 bxc6 6. d4 exd4 7. Nxd4 Qe7
8. Nf5 Qf8 9. e5 d6 10. exf6 Bxf5 11. fxg7 Qxg7 12. O-O Bh3 13. Re1+ Kd7 14. g3
Qf6 15. Be3 Bxe3 16. Rxe3 Rhe8 17. Qe2 Rxe3 18. Qxe3 Re8 19. Qd3 a6 20. b3 d5
21. Qxh7 Rh8 22. Qd3 Rh5 23. f4 Bf5 24. Qd2 Rh8 25. h4 Kd6 26. Rc1 Rg8 27. Ne2
Qxh4 28. Kf2 Qh2+ 29. Ke3 Re8+ 30. Kf3 Be4+ 31. Ke3 Qg2 32. Kd4 c5+ 33. Kc3
Qf3+ 34. Kb2 c4 35. Qc3 Qxe2 36. bxc4 Rb8+ 37. Ka1 dxc4 38. Rb1 Rxb1+ 39. Kxb1
0-1

[Event "Open Est 2015-2016"]
[Site "Aubagne"]
[Date "2015.11.21"]
[Round "4.38"]
[White "Auguste, Yvan"]
[Black "Belaid, Myriam"]
[Result "1-0"]
[WhiteElo "1010"]
[BlackElo "1399"]
[PlyCount "60"]
[EventDate "2015.10.10"]
[WhiteTeam "Cercle d'Echecs Aubagnais"]
[BlackTeam "Club Provence Echecs"]

1. e4 e5 2. Nf3 Nc6 3. Bc4 Bc5 4. d3 d6 5. c3 Bg4 6. a3 Nge7 7. b4 O-O 8. bxc5
Qd7 9. h3 Bh5 10. O-O dxc5 11. a4 a6 12. Qd2 Ng6 13. Qg5 Bxf3 14. Qg3 Qxd3 15.
Bxd3 Rad8 16. Qxf3 Nh4 17. Qe3 Rfe8 18. Rd1 Ne7 19. Qxc5 Rc8 20. Qxe5 f6 21.
Qf4 Neg6 22. Qe3 Re5 23. Qa7 Rce8 24. Qxb7 R8e7 25. Bc4+ Kf8 26. Qb8+ Re8 27.
Qxc7 Rxe4 28. Rd8 Re1+ 29. Kh2 Nf4 30. Na3 Rxd8 1-0

[Event "Open Est 2015-2016"]
[Site "Aubagne"]
[Date "2015.11.21"]
[Round "4.39"]
[White "Bonino, Cesar"]
[Black "Pegon, Claude"]
[Result "0-1"]
[WhiteElo "1009"]
[BlackElo "1290"]
[PlyCount "68"]
[EventDate "2015.10.10"]
[WhiteTeam "Cassis Echecs"]
[BlackTeam "La Ciotat Echecs (LCE)"]

1. h3 f5 2. e4 e6 3. d4 Nf6 4. Nf3 d5 5. Bb5+ c6 6. Ba4 Nxe4 7. O-O g6 8. Ne5
b5 9. Bb3 c5 10. f3 Ng3 11. dxc5 Bxc5+ 12. Kh2 Qh4 13. Nd3 Bd6 14. Qe1 Nxf1+
15. Kg1 Ng3 16. Na3 a6 17. Bd2 Bd7 18. Rd1 a5 19. Nxb5 Bxb5 20. Be3 Bxd3 21.
cxd3 e5 22. Qd2 f4 23. Bb6 Nc6 24. Bxd5 Rc8 25. Be6 Rb8 26. Ba7 Nxa7 27. Bc4
Bc5+ 28. Kh2 Nc6 29. Bb5 Rxb5 30. a3 Nd4 31. b3 Nge2 32. b4 Nxf3+ 33. gxf3 Qg3+
34. Kh1 Qxh3# 0-1

[Event "Open Est 2015-2016"]
[Site "Aubagne"]
[Date "2015.11.21"]
[Round "4.40"]
[White "Sid, Alexander"]
[Black "Maumi, Helio"]
[Result "1-0"]
[WhiteElo "1020"]
[BlackElo "1170"]
[PlyCount "80"]
[EventDate "2015.10.10"]
[WhiteTeam "Club Provence Echecs"]
[BlackTeam "Marseille Passion Echecs"]

1. e4 e5 2. Nf3 Nc6 3. Nc3 Bc5 4. d3 h6 5. Be2 d6 6. Bd2 Nf6 7. O-O O-O 8. Nh4
Nd7 9. Nf5 Nf6 10. Nxh6+ gxh6 11. Bxh6 Re8 12. Qd2 Kh7 13. Qg5 Rg8 14. Qd2 Rg6
15. Bg5 Qg8 16. g3 Rxg5 17. Kh1 Bh3 18. Rg1 Ng4 19. Bxg4 Bxg4 20. Nd5 Bf3+ 21.
Rg2 Bxg2+ 22. Kxg2 Bb6 23. Nf6+ Kg7 24. Nxg8 Rxg8 25. h4 Rh5 26. Qe2 Kh6 27.
Qd2+ Kh7 28. Rf1 Rxh4 29. Qe2 Nd4 30. Qd1 Ne6 31. Rh1 Rxh1 32. Qxh1+ Kg7 33.
Qd1 Kf8 34. Qh1 Nf4+ 35. Kf3 Ne6 36. Qh6+ Ke8 37. Qf6 Ng5+ 38. Kg2 Rg6 39. Qh8+
Ke7 40. Qh2 Rf6 1-0

[Event "Open Est 2015-2016"]
[Site "Aubagne"]
[Date "2015.11.11"]
[Round "4.41"]
[White "Naam, Shedy"]
[Black "Tramarin, Matteo"]
[Result "1-0"]
[WhiteElo "1009"]
[BlackElo "1099"]
[PlyCount "109"]
[EventDate "2015.10.10"]
[WhiteTeam "Cassis Echecs"]
[BlackTeam "Cercle d'Echecs Aubagnais"]

1. d4 d5 2. Nc3 c6 3. Bg5 Bg4 4. Nf3 Nf6 5. e3 h6 6. Bd3 hxg5 7. h3 Bh5 8. e4
e6 9. e5 Qa5 10. exf6 gxf6 11. a3 g4 12. hxg4 Bg7 13. gxh5 e5 14. dxe5 fxe5 15.
Nh4 d4 16. b4 Qb6 17. Nf5 Bf6 18. Nd6+ Ke7 19. Na4 Qa6 20. Bxa6 bxa6 21. Qg4
Kxd6 22. Nc5 a5 23. Nb7+ Kc7 24. Nxa5 d3 25. cxd3 e4 26. dxe4 Bxa1 27. Qf4+ Kc8
28. Qf5+ Nd7 29. Qxf7 Bc3+ 30. Kd1 Rf8 31. Qe7 Bf6 32. Qe6 Kd8 33. Nxc6+ Kc7
34. Ke2 Rae8 35. Qc4 Nb6 36. Qc1 Rxe4+ 37. Kf1 Re6 38. Na5+ Kd8 39. Nb7+ Kd7
40. Nc5+ Kd6 41. Nxe6 Kxe6 42. Qe3+ Kf7 43. a4 Nxa4 44. Rh3 Re8 45. Qd3 Be7 46.
Qb3+ Kf8 47. Rf3+ Kg7 48. Qxa4 Rh8 49. Qa1+ Kg8 50. Rg3+ Kh7 51. Rg7+ Kh6 52.
g4 Bf8 53. Rg6+ Kh7 54. Qxa7+ Bg7 55. Qxg7# 1-0

[Event "Open Est 2015-2016"]
[Site "Aubagne"]
[Date "2015.11.21"]
[Round "4.42"]
[White "Soulet, Kylian"]
[Black "Denis, Alexandra"]
[Result "0-1"]
[WhiteElo "1009"]
[BlackElo "1060"]
[PlyCount "34"]
[EventDate "2015.10.10"]
[WhiteTeam "Cassis Echecs"]
[BlackTeam "Marseille Passion Echecs"]

1. d4 d5 2. Bf4 Bf5 3. Nf3 Nf6 4. e3 e6 5. Bd3 Bxd3 6. cxd3 Bb4+ 7. Nc3 O-O 8.
O-O Nc6 9. a3 Bd6 10. Bxd6 Qxd6 11. Nb5 Qe7 12. h3 a6 13. Nc3 Qd6 14. g4 h6 15.
h4 Nxg4 16. e4 Nxd4 17. Nxd4 Qh2# 0-1

[Event "Open Est 2015-2016"]
[Site "Aubagne"]
[Date "2015.12.12"]
[Round "5.1"]
[White "Gamblin, Antoine"]
[Black "Panagiotopoulos, Christos"]
[Result "0-1"]
[WhiteElo "1511"]
[BlackElo "1751"]
[PlyCount "67"]
[EventDate "2015.10.10"]
[WhiteTeam "Marseille Echecs"]
[BlackTeam "Le Gambit Marseillais"]

1. e4 g6 2. d4 Bg7 3. Nc3 c5 4. Nge2 cxd4 5. Nxd4 Nc6 6. Be3 Nf6 7. f3 Qa5 8.
Nb3 Qd8 9. Qd2 a5 10. Bb5 O-O 11. O-O-O d6 12. g4 Be6 13. h4 Ne5 14. Nd4 Rc8
15. h5 Nc4 16. Bxc4 Bxc4 17. hxg6 fxg6 18. Qh2 e5 19. Ndb5 Bxb5 20. Nxb5 Rc6
21. g5 Nh5 22. Nxd6 Rxd6 23. Bc5 Rxd1+ 24. Rxd1 Qxg5+ 25. Qd2 Qxd2+ 26. Rxd2
Bh6 27. Bxf8 Kxf8 28. c4 Ke7 29. Kc2 Bxd2 30. Kxd2 Nf4 31. a3 a4 32. Ke3 Kd6
33. Kd2 Kc5 34. Kc3 0-1

[Event "Open Est 2015-2016"]
[Site "Aubagne"]
[Date "2015.09.26"]
[Round "5.2"]
[White "Telouk, Olivier"]
[Black "Benezra, Esther"]
[Result "1-0"]
[WhiteElo "1718"]
[BlackElo "1721"]
[PlyCount "41"]
[EventDate "2015.10.10"]
[WhiteTeam "Cassis Echecs"]
[BlackTeam "L'Echiquier du Roy René"]

1. c4 f5 2. d4 e6 3. g3 Nf6 4. Bg2 d5 5. cxd5 exd5 6. Nc3 c6 7. Bf4 Bd6 8. Nh3
O-O 9. O-O Bc7 10. Rc1 Bxf4 11. Nxf4 Ne4 12. b4 Nxc3 13. Rxc3 b5 14. Qb3 Kh8
15. Rfc1 Bd7 16. a4 bxa4 17. Qxa4 c5 18. b5 cxd4 19. Qxd4 Bxb5 20. Ne6 Qd6 21.
Qxg7# 1-0

[Event "Open Est 2015-2016"]
[Site "Aubagne"]
[Date "2015.12.12"]
[Round "5.3"]
[White "Aghababian, Arthur"]
[Black "Deregnaucourt, Yves"]
[Result "1/2-1/2"]
[WhiteElo "1388"]
[BlackElo "1728"]
[PlyCount "81"]
[EventDate "2015.10.10"]
[WhiteTeam "Sanary Echecs"]
[BlackTeam "ASPTT Marseille"]

1. d4 Nf6 2. c4 c5 3. Nf3 cxd4 4. Nxd4 e5 5. Nb5 Bc5 6. e3 O-O 7. N5c3 d6 8.
Be2 Nc6 9. a3 Bf5 10. O-O e4 11. b4 Bb6 12. Bb2 Rc8 13. Nb5 Bc7 14. Nxc7 Rxc7
15. Nc3 Re8 16. Rc1 Ne5 17. Nb5 Rd7 18. Nd4 Bg4 19. Bxg4 Nfxg4 20. h3 Nf6 21.
Rc2 Nd3 22. Ba1 Qe7 23. Nf5 Qe6 24. Nd4 Qe7 25. Qe2 g6 26. Qd2 Ne5 27. Qc3 Nh5
28. Ne2 Qg5 29. c5 dxc5 30. bxc5 Rd3 31. Qb2 f6 32. a4 Nf3+ 33. Kh1 Nh4 34. Rg1
Nf5 35. g4 Qh4 36. Kg2 Rxe3 37. fxe3 Nxe3+ 38. Kh2 Qf2+ 39. Kh1 Qf3+ 40. Kh2
Qf2+ 41. Kh1 1/2-1/2

[Event "Open Est 2015-2016"]
[Site "Aubagne"]
[Date "2015.12.12"]
[Round "5.4"]
[White "Gamblin, Vincent"]
[Black "Gomez, Guy"]
[Result "0-1"]
[WhiteElo "1442"]
[BlackElo "1671"]
[PlyCount "82"]
[EventDate "2015.10.10"]
[WhiteTeam "Marseille Echecs"]
[BlackTeam "Cercle d'Echecs Aubagnais"]

1. e4 c5 2. d4 cxd4 3. c3 Nf6 4. e5 Nd5 5. Bc4 Nb6 6. Bb3 e6 7. cxd4 d5 8. Nf3
Be7 9. O-O Bd7 10. Nc3 O-O 11. Qd3 Be8 12. Bc2 f5 13. exf6 Bg6 14. Qe3 Rxf6 15.
Bxg6 Rxg6 16. Ne5 Nc4 17. Nxc4 dxc4 18. Qe4 Nc6 19. d5 exd5 20. Nxd5 b5 21. Nf4
Rd6 22. Be3 Nd4 23. Bxd4 Rxd4 24. Qe5 Bf6 25. Qe6+ Kh8 26. g3 Rd2 27. a4 Rxb2
28. Rad1 Qe8 29. axb5 Rxb5 30. Qxc4 a5 31. Rfe1 Re5 32. Rxe5 Qxe5 33. Rd5 Qe8
34. Qd3 a4 35. Rh5 Kg8 36. Qxh7+ Kf7 37. Nd5 a3 38. Nxf6 Qe1+ 39. Kg2 a2 40.
Rf5 Ke6 41. Nd5 Qe4+ 0-1